ARRUPE JESUIT UNIVERSITY

CORONAVIRUS -STOP THE SPREAD - CLEAN,DISINFECT,COVER

Idéologies de l'indépendance africaine / (Record no. 128396)

MARC details
000 -LEADER
fixed length control field 01072cam a2200325 a 4500
001 - CONTROL NUMBER
control field 3893846
003 - CONTROL NUMBER IDENTIFIER
control field ARRUPE
005 - DATE AND TIME OF LATEST TRANSACTION
control field 20181016112808.0
008 - FIXED-LENGTH DATA ELEMENTS--GENERAL INFORMATION
fixed length control field 900323s1989 fr b 000 0 fre
010 ## - LIBRARY OF CONGRESS CONTROL NUMBER
LC control number 90135150
020 ## - INTERNATIONAL STANDARD BOOK NUMBER
International Standard Book Number 2738404308
040 ## - CATALOGING SOURCE
Original cataloging agency DLC
Transcribing agency DLC
Modifying agency DLC
043 ## - GEOGRAPHIC AREA CODE
Geographic area code f------
050 00 - LIBRARY OF CONGRESS CALL NUMBER
Classification number JQ1872
Item number .M45 1989
082 00 - DEWEY DECIMAL CLASSIFICATION NUMBER
Classification number 320.5/49/096
Edition number 20
300 ## - PHYSICAL DESCRIPTION
Dimensions 22 cm.
100 1# - MAIN ENTRY--PERSONAL NAME
Personal name Mbonimpa, Melchior,
Dates associated with a name 1955-
9 (RLIN) 42964
245 10 - TITLE STATEMENT
Title Idéologies de l'indépendance africaine /
Statement of responsibility, etc Melchior Mbonimpa.
260 ## - PUBLICATION, DISTRIBUTION, ETC. (IMPRINT)
Place of publication, distribution, etc Paris :
Name of publisher, distributor, etc L'Harmattan,
Date of publication, distribution, etc [1989]
300 ## - PHYSICAL DESCRIPTION
Extent 247 p. ;
490 1# - SERIES STATEMENT
Series statement Points de vue
504 ## - BIBLIOGRAPHY, ETC. NOTE
Bibliography, etc Includes bibliographical references.
650 #0 - SUBJECT ADDED ENTRY--TOPICAL TERM
Topical term or geographic name as entry element Nationalism
Geographic subdivision Africa.
9 (RLIN) 9483
650 #0 - SUBJECT ADDED ENTRY--TOPICAL TERM
Topical term or geographic name as entry element Pan-Africanism.
9 (RLIN) 3229
651 #0 - SUBJECT ADDED ENTRY--GEOGRAPHIC NAME
Geographic name Africa
General subdivision Politics and government
Chronological subdivision 1945-1960.
9 (RLIN) 31761
651 #0 - SUBJECT ADDED ENTRY--GEOGRAPHIC NAME
Geographic name Africa
General subdivision Politics and government
Chronological subdivision 1960-
9 (RLIN) 42965
830 #0 - SERIES ADDED ENTRY--UNIFORM TITLE
Uniform title Collection Points de vue.
9 (RLIN) 42966
906 ## - LOCAL DATA ELEMENT F, LDF (RLIN)
a 7
b cbc
c orignew
d 3
e ncip
f 19
g y-gencatlg
942 ## - ADDED ENTRY ELEMENTS (KOHA)
Source of classification or shelving scheme Library of Congress Classification
Koha item type Monograph ( Printed materials)
Holdings
Withdrawn status Lost status Source of classification or shelving scheme Damaged status Not for loan Collection code Home library Current library Shelving location Date acquired Total Checkouts Full call number Barcode Date last seen Price effective from Koha item type
    Library of Congress Classification     Main Collection ARRUPE LIBRARY ARRUPE LIBRARY Main Collection 16/10/2018   JQ1872 .M45 1989 46600002950 16/10/2018 16/10/2018 Monograph ( Printed materials)

 

Arrupe Library. PO Box MP320 Mt Pleasant, Harare, Zimbabwe
263 242 745411|librarian@aju.ac.zw